00511 a2200157 4500010001400000020002300014035001300037037001500050082001200065100001900077245010200096260004900198270004500247300004100292500002000333 aENG-87023 a0070659567c595.00 aEN-70556 bDBAD / PUB14a005.7561 aCarpenter, Tom1 aMCTS SQL server 2005 implementation and maintenance study guide (Exam 70-431) /cby Tom Carpenter aNew DelhibTata McGraw-Hill Publishingc2007 a7, West Patel Nagar,bNew Delhie110 008 axxxxi, 606 p.c24 cm (Pbk)b+C.D.Rom aIncludes index